Marketing para emprendedores /
Guardado en:
| Autor Principal: | |
|---|---|
| Formato: | Libro |
| Publicado: |
Buenos Aires :
Formar,
1999.
|
| Materias: | |
| Etiquetas: |
Agregar Etiqueta
Sin Etiquetas, Sea el primero en etiquetar este registro!
|
| LEADER | 00694nam a22001935a 4500 | ||
|---|---|---|---|
| 001 | CEM.cems013592 | ||
| 005 | 20111006160712.0 | ||
| 008 | 130507s1999##################000#0#####d | ||
| 003 | CEMS | ||
| 020 | |a 9509959065 | ||
| 082 | 0 | 4 | |a 658.83 |
| 100 | 1 | |a Burin, David | |
| 245 | 1 | 0 | |a Marketing para emprendedores / |c David Burin. |
| 260 | |a Buenos Aires : |b Formar, |c 1999. | ||
| 300 | |a 364 p. | ||
| 500 | |a Incluye un Cd-rom. | ||
| 505 | 0 | |a Usted y su empresa -- El marketing -- El plan -- El cliente -- La investigación de mercado -- El producto -- Coo-petencia -- Estrategias competitivas -- Estrategias asociativas. | |
| 653 | |a Marketing | ||
| 859 | |a CEMS |b BIB. CEMS - 11 de abril |h 658.83 |i B917 |p 26225.11 |t Ej.1 | ||
